| 000 | 00441pab a2200157 454500 | ||
|---|---|---|---|
| 008 | 180718b2011 xxu||||| |||| 00| 0 eng d | ||
| 100 | _aLysandrou, Photis | ||
| 245 | _aGlobal inequality, wealth concentration and the subprime crisis: A Marxian commodity theory analysis | ||
| 260 | _c2011 | ||
| 300 | _ap.183-208. | ||
| 362 | _aJan | ||
| 650 | _aIncome distribution | ||
| 773 | _aDevelopment and Change | ||
| 908 | _aN | ||
| 909 | _a91838 | ||
| 999 |
_c91838 _d91838 |
||